| 000 | 00455nam a2200181Ia 4500 | ||
|---|---|---|---|
| 008 | 230917s9999||||xx |||||||||||||| ||und|| | ||
| 020 | _cGBP32.99 | ||
| 040 |
_e256482 _aMAIN |
||
| 041 | _aEnglish | ||
| 082 | _a150 E73S(4) | ||
| 100 | _aEysenck, Michael W | ||
| 245 | 0 | _aSimply psychology | |
| 250 | _a4th ed. | ||
| 260 |
_aOxon _bRoutledge _c2018 |
||
| 300 | _avi, 456 p. | ||
| 500 | _a3518 19/07/2019 RK19/978 06/08/2019 Main Budget | ||
| 942 | _cBK | ||
| 999 |
_c31791 _d31791 |
||